| 000 | 00572nam a22001937a 4500 | ||
|---|---|---|---|
| 003 | CEME | ||
| 005 | 20210628202816.0 | ||
| 008 | 210120b xxu||||| |||| 00| 0 eng d | ||
| 020 | _a0-07-249149-3 | ||
| 040 | _c. | ||
| 082 | _a428.4071 MAT | ||
| 100 |
_aMather, Peter , Mccarthy, Rita _961733 |
||
| 245 | _aReading and all that jazz ,tuning up your reading, thinking and study skills | ||
| 250 | _a2ND | ||
| 260 |
_aNEW YORK _bMCGRAW HILL _c2003 |
||
| 300 | _aXXIV,534 P | ||
| 650 |
_aREADING,- ENGLISH LANGUAGE. ENGLISH LANGUAGE-RHETORIC _961734 |
||
| 942 |
_cBK _2ddc |
||
| 999 |
_c571083 _d571083 |
||